[Event "Goodricke op 12th"]
[Site "Kolkata"]
[Date "2001.02.10"]
[Round "5"]
[White "Wajih, Nassir"]
[Black "Komarov, Dimitri"]
[Result "1-0"]
[WhiteElo "2350"]
[BlackElo "2540"]
[Annotator "Gershon,A"]
[PlyCount "75"]
[EventDate "2001.02.06"]
[EventType "swiss"]
[EventRounds "11"]
[EventCountry "IND"]
[SourceTitle "CBM 082"]
[Source "ChessBase"]
[SourceDate "2001.05.17"]
[SourceVersion "1"]
[SourceVersionDate "2001.05.17"]
[SourceQuality "1"]

1. e4 c5 2. Nf3 Nc6 3. c4 e5 4. Nc3 d6 {White has chosen a variation that does
not promise him any advantage. No less than 6 different moves were tried here
according to my database, however, black has never experienced real
difficulties.} 5. d3 (5. h3 Be7 6. d3 f5 7. g3 Nf6 8. Bg2 O-O 9. O-O f4 $5 10.
gxf4 exf4 11. Bxf4 Nxe4 12. dxe4 Rxf4 $15 {0-1 Zugic,I-De Firmian,N/San
Francisco 1999/CBM 68 ext (27)}) (5. a3 a5 6. g3 g6 7. Bg2 Bg7 8. d3 Nge7 9.
Be3 O-O 10. Qd2 Nd4 11. Bxd4 cxd4 12. Nd5 Nxd5 13. exd5 f5 14. O-O a4 15. Rab1
h6 $17 {0-1 Nikolov,M-Efimenko,Z/Oropesa del Mar 1999/CBM 72 ext (31)}) (5. Bd3
g6 6. Bc2 Bg7 7. d3 Nf6 8. Ba4 O-O 9. Bxc6 bxc6 10. h3 Ne8 11. a3 a5 12. Na4
Qc7 13. Bd2 Qb7 14. Rb1 Nc7 15. b4 axb4 16. axb4 Qa7 17. Nc3 cxb4 18. Rxb4 Ne6
$11 {1/2-1/2 Varga,Z-Medvegy,Z/Budapest 2000/CBM 77 ext (29)}) (5. g3 Be6 6. d3
g6 7. Bg2 Bg7 8. O-O Nge7 9. Be3 O-O 10. Nd5 h6 (10... Bxd5 11. cxd5 Nd4 $11)
11. Qd2 Kh7 12. Nh4 Qd7 13. f4 exf4 $6 14. Nxf4 $36 {1-0 Vaghar,M-Djukic,S/
Artek 2000/CBM 78 ext (45)}) (5. Be2 Be7 6. d3 f5 7. exf5 Bxf5 8. Be3 Nf6 9. a3
O-O 10. O-O Nd4 11. b4 b6 $11 {1-0 Kosteniuk,A-Kochetkova,J/Kolontaevo 1998/
EXT 2000 (37)}) 5... g6 6. Bg5 f6 7. Bd2 Bg7 8. Be2 Nge7 9. O-O O-O $11 {
With this setup there is nothing to talk about white's advantage. The only one
that can be better here with time, is black.} 10. a3 f5 $6 (10... h6 $142 11.
Rb1 a5 {[%cal Gg8h7] Black shouldn't hurry to push f5 in this position.}) 11.
Rb1 Kh8 (11... a5 {it's a useful move in order to leave white with no
counterplay}) 12. b4 f4 13. Nd5 cxb4 $2 {Giving up the center.} (13... b6 14.
Bc3 Nxd5 15. cxd5 Nd4 $11) 14. axb4 Nxd5 15. cxd5 Nd4 {And now black's pawn
structure is ruined (a clear weakness on d4) with no visible compensation for
it.} (15... Ne7 16. Bc3 $16 {[%cal Gd3d4]}) 16. Nxd4 exd4 17. Bg4 $1 {A very
strong positional move. White is exchanging one pair of light squared B's thus
getting rid of his bad and black's good B's.} Be5 (17... Bxg4 $5 18. Qxg4 f3
19. gxf3 Qf6 20. f4 Bh6 21. Rbc1 $16 {[%cal Gc1c4]}) 18. Bxc8 Rxc8 19. f3 {
Now black is positionally doomed. His d4 pawn is comitted while his attack
chokes without the light squared B} Qd7 20. Qb3 g5 21. Rbc1 Rce8 {not a
pleasant thing to give up the 'c' file, but black cannot keep is for long} (
21... Qb5 22. Rc4 {[%cal Gf1c1]} Rxc4 23. dxc4 Qb6 24. Qd3 {[%csl Rd4][%cal
Gf1c1,Gc4c5,Yd2e1,Ye1f2]}) 22. Kh1 Rf7 ({little better is} 22... Rg8 $142 23.
Be1 g4 24. Qb2 gxf3 25. Rxf3 Rg7 26. Bf2 Qg4 27. Rg1 $18 {[%csl Rd4]}) 23. Be1
{[%csl Rd4][%cal Ge1f2,Yb3b2,Gc1c4]} Rg8 24. Qb2 Qd8 {[%cal Gd8f6] Black is
trying to provoke white to weaken his 1st rank by playing Rc4. However, white
is right on time to take the pawn and get back} (24... g4 25. Bf2 gxf3 26. gxf3
Qh3 27. Bxd4 Rfg7 28. Bxe5 dxe5 29. Rf2 {[%csl Re5][%cal Gb2e5]} Qh5 30. d4 $18
{[%cal Ye4e7,Yd5d7]}) 25. Bf2 Qf6 26. b5 (26. Rc4 b5) 26... g4 27. Rc4 gxf3 28.
gxf3 Rfg7 (28... Qg6 29. Rg1 Qh5 30. Rxg8+ Kxg8 31. Qe2 $16) 29. Bxd4 Rg5 (
29... Qg6 30. Bxe5 dxe5 31. Qf2 $18 {[%cal Gd3d4]}) 30. Bxe5 dxe5 31. Qf2 Qg7
32. Rc2 Qd7 33. d4 (33. Rb2 {was also possible}) 33... Qxb5 34. dxe5 Rxe5 35.
Rg1 {[%csl Rh8] suddenly black K finds himself in trouble} Qe8 36. Rxg8+ Kxg8
37. Qh4 Re7 38. Qf6 (38. Qf6 Rg7 39. e5 {white P's are unstoppable}) 1-0

[Event "Hastings 0001 76th"]
[Site "Hastings"]
[Date "2001.01.05"]
[Round "8"]
[White "Plaskett, H James"]
[Black "Bischoff, Klaus"]
[Result "1-0"]
[WhiteElo "2525"]
[BlackElo "2556"]
[Annotator "Gershon,A"]
[PlyCount "59"]
[EventDate "2000.12.29"]
[EventType "tourn"]
[EventRounds "9"]
[EventCountry "ENG"]
[EventCategory "12"]
[SourceTitle "CBM 081"]
[Source "ChessBase"]
[SourceDate "2001.03.20"]
[SourceVersion "1"]
[SourceVersionDate "2001.03.20"]
[SourceQuality "1"]

1. e4 c5 2. Nc3 e6 3. Nf3 Nc6 4. Bb5 Nge7 5. O-O a6 6. Bxc6 Nxc6 7. d4 cxd4 8.
Nxd4 Qc7 9. Re1 {In this line white is trying to exploit his development
advantage.However, the results suggest that this isn't the most problematic
variation for black} Nxd4 (9... Bd6 10. Nxc6 (10. Kh1 Nxd4 11. Qxd4 f6 12. Be3
b5 13. Rad1 Be5 14. Qb4 Rb8 15. f4 a5 16. Qb3 Bxc3 17. Qxc3 Qxc3 18. bxc3 Bb7
19. e5 fxe5 (19... f5 $11) 20. f5 (20. fxe5 Rf8 21. Rd2 Rc8 22. Bb6) 20... Rf8
21. fxe6 dxe6 22. Bc5 Rf5 23. Bd6 Rd8 24. Kg1 Rd7 25. Bb8 Rxd1 26. Rxd1 Bd5 $15
{0-1 Shliperman,I-Christiansen,L/Salt Lake City 1999/CBM 73 no vc (71)}) (10.
Nd5 exd5 11. exd5+ Ne5 12. f4 O-O 13. fxe5 Bxe5 14. Nf3 d6 (14... Bf6) 15. Nxe5
dxe5 16. b3 b5 17. Qd3 Rd8 18. c4 a5 19. Ba3 $14 {1-0 Willemze,T-Rainfray,A/
Dublin IRL 2000/The Week in Chess 299 (71)}) 10... bxc6 (10... dxc6 11. f4 Bxf4
12. Bxf4 Qxf4 13. e5 O-O 14. Qd6 b6 15. Rad1 Ra7 16. Qxc6 Qb4 17. Rd2 b5 18.
Ne4 Qa5 19. Qc5 Rc7 20. Qe3 Bb7 21. Nf6+ Kh8 22. Red1 (22. Qg5) 22... Bd5 23.
Qf2 gxf6 24. Qxf6+ Kg8 25. Qg5+ {Lastin - Kostur, 1999, 1/2:1/2} (25. Rd4 Rc4)
(25. Rd3 Be4 26. Rg3+ Bg6 27. h4 h5)) 11. Qh5 Be5 12. Re3 Rb8 13. b3 g6 14. Qh4
d6 15. Rf3 Qa5 16. Bd2 Qa3 17. Rb1 h6 18. Rd3 a5 19. Qg4 h5 20. Qg5 h4 21. h3
$14 {1-0 Yudasin,L-Comp Junior 5.0/Ein Bokek 1998/EXT 99 (50)}) 10. Qxd4 f6 11.
e5 f5 12. Bg5 $5 $146 (12. a4 Bc5 13. Qh4 O-O 14. Bd2 d5 15. Be3 Bd7 16. Rad1
Rac8 17. Bxc5 Qxc5 18. Qd4 Qxd4 19. Rxd4 Rc5 20. f4 Rfc8 21. Kf2 h6 22. Ke3 Kf7
$11 {0-1 Yegiazarian,A-Garcia Martinez,S/Ubeda 1999/CBM 68 ext (40)}) 12... b5
(12... Bc5 13. Qh4 O-O 14. Rad1 $36 {[%cal Gd1d3]} (14. Be7 Bxe7 15. Qxe7 Rf7
16. Qb4 $14)) 13. Rad1 Bb7 14. Rd3 $2 (14. Qh4 $142 $1 {[%cal Gc3e2,Ye2d4,
Ye2f4]} b4 $140 15. Ne2 Qxc2 $2 (15... Qxe5 $2 16. Nf4 Qc7 17. Qh5+ g6 18. Nxg6
$18) 16. Nd4 Qxb2 17. Nxf5 exf5 18. e6 dxe6 19. Rxe6+ Kf7 20. Qc4 $18) 14... b4
{In this variation black rarely castles, as in the center his king will be
safer than on the K side.} 15. Ne2 Be4 16. Rdd1 Bc5 17. Qd2 $2 {Black plays
carelessly.} Qb7 (17... Bc6 $142 18. Nf4 O-O 19. Nd3 Bd5 $14) 18. Nf4 Rc8 {
missing white's 20th move} 19. Nh5 Rg8 (19... Bxg2 20. Nxg7+ Kf8 (20... Kf7 21.
Qxd7+ Qxd7 22. Rxd7+ $18 {[%csl Rg2]}) 21. Bh6 $18) 20. Rxe4 $1 {This is what
black has missed. Now his position is falling apart. The exchange is not felt
at all} fxe4 21. Qf4 Ba7 $2 {The B will be missing in the defence} (21... Be7
$4 22. Bxe7 Kxe7 23. Nxg7 $1 Rgf8 (23... Rcf8 24. Qg5+ Kf7 25. Qf6#) 24. Qg5+
Kf7 25. Nh5 $18) (21... Bf8 $142 22. Ng3 Rxc2 23. Qh4 Rh8 24. Nxe4 $44 {
White's active pieces more than compensate the small material disadvantage.})
22. Bh4 {[%csl Re7][%cal Gf4g5,Gg5e7,Yh5f6]} h6 23. Qg4 $1 (23. Nxg7+ Rxg7 24.
Qxh6 Kf7 (24... d5 25. exd6 Qd7 26. Bf6 Bxf2+ $1 27. Kxf2 Rxc2+ 28. Ke3 Rgxg2
29. Qh8+ Kf7 30. Qh7+ Ke8 31. Qh8+ $11 (31. Qe7+ Qxe7 32. dxe7 Rge2+ 33. Kf4
Rf2+ 34. Ke5 Rc5+ 35. Kd6 Rd5+ $19)) 25. Bf6 Rcg8 26. Bxg7 Rxg7 27. Qf6+ Kg8
28. Qd8+ Kh7 29. Qh4+ $11) 23... Kf7 24. Ng3 {[%cal Gg3e4,Ge4d6] Remember the
B that should have been standing on f8 ?} Rc4 {[%tqu "En","Can you find the
strongest way to continue the attack?","","","g3f5","",10]} 25. Nf5 $1 Bc5 (
25... exf5 26. Qxf5+ Ke8 27. Qg6+ Kf8 28. e6 $1 $18) 26. Qh5+ Kf8 {and the
final punch.....} 27. Rd6 $1 {[%cal Gh4e7]} exf5 (27... Bxd6 28. Nxd6 g6 29.
Qxh6+ Rg7 30. Qh8+ Rg8 31. Qf6#) (27... Rh8 $8 28. Be7+ Kg8 29. Qg6 exf5 30.
Bf6 Bxf2+ 31. Kf1 $18) 28. Qxf5+ Ke8 29. e6 Bxf2+ 30. Bxf2 1-0

[Event "Linares Anibal op 08th"]
[Site "Linares"]
[Date "2001.01.18"]
[Round "11"]
[White "Tseitlin, Mark D"]
[Black "Holmsten, Aleksei"]
[Result "0-1"]
[WhiteElo "2494"]
[BlackElo "2435"]
[Annotator "Gershon,A"]
[PlyCount "78"]
[EventDate "2001.01.08"]
[EventType "swiss"]
[EventRounds "11"]
[EventCountry "ESP"]
[SourceTitle "CBM 081"]
[Source "ChessBase"]
[SourceDate "2001.03.20"]
[SourceVersion "1"]
[SourceVersionDate "2001.03.20"]
[SourceQuality "1"]

1. e4 c5 2. Nf3 e6 3. Nc3 Nc6 4. Bb5 Nd4 5. Nxd4 {This move, not the best from
an objective point of view, suits Mark Danilovich's style very well - not
always correct sacrifices, but initiative in his hands is one of the more
exciting sights.} ({Usually white prefers:} 5. O-O {not giving up the pawn})
5... cxd4 6. Ne2 Qg5 (6... Qb6 {Is a less principal continuation} 7. Bd3 g6 8.
c3 dxc3 9. bxc3 Bg7 10. Ba3 Ne7 11. O-O d6 12. Rb1 Qc7 13. Qa4+ Nc6 14. Nd4 Bf8
15. f4 $16 {1-0 Bigaliev,R-Zaitsev,M/Kolontaevo 1997/EXT 2000 (28)}) 7. Bc4 (7.
a4 a6 8. Bd3 Qxg2 9. Ng3 Qh3 10. c3 Bc5 11. b4 Ba7 12. Bb2 dxc3 13. Bxc3 Nf6
14. Qf3 Qg4 15. Qg2 d6 16. Be2 Qh4 17. O-O-O Bd7 18. a5 Rc8 19. Kb2 e5 $17 {
0-1 Golubovic,B-Bistric,F/Kastav CRO 2000/The Week in Chess 320 (34)}) (7. Nxd4
$2 Qc5 8. c3 e5 9. b4 Qb6 10. Qe2 exd4 11. cxd4 Qxd4 12. Rb1 Nf6 $19 {0-1
Velimirovic,D-Matulovic,M/Vrsac 1981/MCD (33)}) 7... Qxg2 8. Ng3 Qh3 9. c3 (9.
d3 Bd6 10. Qe2 Ne7 11. Bd2 Bxg3 $2 {Giving white too much space to press} 12.
fxg3 Nc6 13. O-O-O d6 14. Rdf1 f6 15. g4 $36 {1-0 Tokarevas,T-Zapolskis,A/
Vilnius LTU 2000 (24)}) (9. Qf3 Ne7 10. c3 Nc6 11. Qf4 Be7 12. Bb5 dxc3 13.
bxc3 e5 14. Qe3 d6 15. f4 Bh4 16. Ba3 exf4 17. Qxf4 Bxg3+ 18. Qxg3 Qxg3+ 19.
hxg3 $44 {0-1 McShane,L-Povah,N/England 1996/EXT 99 (41)}) 9... Bc5 10. b4 $2 {
After this white's possibilities to press on the center ('d4') are reduced} (
10. Qa4 $5 {[%cal Gc4f1] Tseitlin. According to the post mortem this was an
interesting continuation - white is fighting for the center, expoiting his
development advantage} Qh4 $1 {[%cal Gh4f6] Probably the best idre is to get
the Q back home} (10... b6 $2 11. cxd4 Be7 12. d5 $36 {[%cal Gd2d4]}) (10...
Bd6 11. Bf1 Qh4 12. Qxd4 $16) (10... e5 11. Bxf7+ Kxf7 12. Qc4+ $16) ({of
course not} 10... dxc3 11. bxc3 {[%cal Gd2d4] and white has a very strong
initiative for the pawn}) 11. Be2 Qf6 {Although white has compensation, I
would take balck here.}) 10... Bd6 11. Bf1 (11. cxd4 Bxg3 12. fxg3 (12. Qf3
Bxf2+ 13. Qxf2 Nf6 $17) 12... Qg2 13. Rf1 Qxe4+ $19) 11... Qh4 12. Bg2 (12. Qf3
dxc3 13. dxc3 Nf6 $17) 12... dxc3 13. dxc3 Be5 $17 {It is clear not that white
has achieved nothing} 14. O-O Nf6 (14... Bxc3 {was also possible, but black
correctly chooses not to push the fortune, and develop some pieces.} 15. Rb1
Nf6 16. f4 (16. Rb3 Be5 17. f4 Bc7 $19) 16... Ng4 17. h3 Qxg3 18. hxg4 {
[%cal Gb1b3]} a5 19. b5 e5 {[%csl Gd4]} 20. Rb3 $44) 15. Qd2 O-O (15... Nxe4
16. Bxe4 Bxg3 17. f4 $1 Qxh2+ 18. Qxh2 Bxh2+ 19. Kxh2 $13) 16. Qg5 {Admitting
the defeat. However, I have a very hard time advising anything better.} (16. f4
$2 Ng4 17. h3 Qxg3 18. hxg4 Bxc3 $19) (16. h3 $5 {maybe is the best practical
choice, trying to cpmplicate the matters.}) 16... Qxg5 17. Bxg5 Bxc3 {Now the
position is nothing but technical} 18. Rab1 h6 19. Bf4 e5 20. Be3 a5 21. Bc5
Bxb4 {probably the cleanest way to win - assuring that white initiative
finally vanishes.} (21... Rd8 $2 22. Be7 Re8 23. Bxf6 gxf6 24. bxa5 Rxa5 25.
Nf5 d5 26. Nd6 Rd8 27. Nxc8 Rxc8 28. exd5 {with good drawing chances}) ({
also possible was} 21... Re8 22. b5 Bb4 $1 {[%cal Gd7d6] After black gets out
his light B the game is over.}) 22. Bxf8 Kxf8 $17 {Although material inbalance
usually creates some problem for the realizing side, in this position white is
completely doomed as his rooks are no more than statues.} 23. Rfc1 d6 24. Bf1
b6 25. Rc7 Be6 (25... Bc5 $143 26. Bc4 Bd7 (26... Be6) 27. Nh5 $1 Rc8 28. Rxc8+
Bxc8 $17 {Although still better, without a R black's task is much more
difficult.}) 26. Bc4 Ne8 27. Rc6 Bc5 28. Bd5 (28. Bxe6 fxe6 $19 {[%cal Gf8e7,
Ge7d7]}) 28... Rb8 {[%cal Ge6d7]} 29. Bxe6 fxe6 30. Nf1 Ke7 31. Ne3 Kd7 {
White could've calmly resigned at this point.} 32. Rxc5 dxc5 33. Nc4 Kc7 34.
Rd1 b5 35. Nxa5 c4 36. Rb1 Nd6 37. f4 Ra8 38. fxe5 Rxa5 39. exd6+ Kxd6 0-1

[Event "RUS-chT 07th"]
[Site "Smolensk"]
[Date "2000.04.23"]
[Round "9"]
[White "Vokarev, Sergey"]
[Black "Arkhipov, Sergey G"]
[Result "1/2-1/2"]
[WhiteElo "2452"]
[BlackElo "2527"]
[Annotator "Gershon,A"]
[PlyCount "54"]
[EventDate "2000.04.15"]
[EventType "team-tourn"]
[EventRounds "11"]
[EventCountry "RUS"]
[SourceTitle "CBM 077"]
[Source "ChessBase"]
[SourceDate "2000.07.27"]
[SourceVersion "1"]
[SourceVersionDate "2000.07.27"]
[SourceQuality "1"]
[WhiteTeam "Nizhny Tagil Politekhnik"]
[BlackTeam "Novokuznetsk"]
[WhiteTeamCountry "RUS"]
[BlackTeamCountry "RUS"]

1. e4 c5 2. Nf3 Nc6 3. Bb5 e6 4. Bxc6 bxc6 5. d3 Ne7 6. Qe2 $5 {waiting to see
what black plans are.} (6. Ng5 Ng6 (6... f6 7. Nh3 g6 8. f4 Bg7 9. O-O O-O 10.
Nf2 d6 11. Nd2 a5 12. a4 f5 13. Nf3 Rb8 14. Rb1 c4 $5 15. dxc4 fxe4 16. Nxe4 d5
17. cxd5 exd5 18. Nf2 Qb6 19. Re1 Nf5 20. Ne5 Rb7 21. b3 Rd8 $44 {1/2-1/2
Bologan,V-Shabalov,A/Connecticut USA 2000/The Week in Chess 286 (37)}) 7. f4
Be7 8. Nf3 d5 9. c4 e5 10. f5 dxe4 11. dxe4 Nf4 $2 12. Qxd8+ Bxd8 13. Nxe5
Nxg2+ 14. Kf2 Nh4 {[%csl Rh4]} 15. Nc3 Bf6 16. Ng4 Bd4+ 17. Kg3 h5 18. Nf2 Bf6
19. Nh3 Bxf5 20. exf5 Nxf5+ 21. Kf4 $18 {1-0 Bologan,V-Sveshnikov,E/Tallinn
EST 2000/The Week in Chess 273 (42)}) (6. h4 h5 7. Qe2 f6 8. e5 fxe5 9. Nxe5 d6
10. Nc4 Nf5 11. Bg5 Be7 12. Bxe7 Qxe7 13. Nc3 e5 14. O-O-O Be6 15. Kb1 Rb8 16.
Rde1 Nd4 17. Qd2 O-O 18. Nd1 Qc7 19. f3 Rf4 20. Re4 d5 21. Rxf4 exf4 22. Qa5
Qe7 23. Ne5 Bf5 $17 {0-1 Shabanov,Y-Arkhipov,S/Smolensk RUS 2000/The Week in
Chess 287 (61)}) 6... Ng6 (6... Qc7 7. O-O Ng6 8. Ng5 Be7 9. Qh5 Qd8 {White's
idea worked, black wasted two tempis and white only one} (9... d6 10. f4 $36 {
[%cal Gf4f5]}) (9... h6 $2 10. Nxf7 Kxf7 11. f4 $16) 10. Nc3 Ba6 11. f4 Bxg5
12. fxg5 c4 (12... d6 $6 13. b3 $1 {now black is left with no counterplay} Bc8
14. Ne2 a6 15. Be3 Rb8 16. Rf2 Rb7 17. Raf1 {[%csl Rf7][%cal Gf2f3,Gf3h3]} O-O
{[%csl Rh7]} 18. Rf3 e5 $8 {[%csl Rf5][%cal Gc8h3]} (18... Re8 19. Rh3 Nf8 20.
g6 $1 fxg6 21. Rxf8+ $1 Kxf8 (21... Rxf8 22. Qxh7+ Kf7 23. Rf3+ Ke8 24. Rxf8+
Kxf8 25. Qh8+ Ke7 26. Bg5+ $18) 22. Qxh7 $18 {[%cal Gh3f3,Gh7h8,Ge3g5]}) 19.
Ng3 $16 {[%cal Gg3f5,Gf3h3] 1/2-1/2 Ovetchkin,R-Sherbakov,R/Smolensk 2000/CBM
77_02/[Gershon] (43)}) 13. d4 {[%cal Ge4e5]} d6 14. Be3 O-O $13) 7. h4 $5 {
Forcing black to play h5 with the hope to expoit the weakness later on.} h5 8.
e5 f6 (8... d6 $143 9. exd6 Bxd6 {[%csl Rc5,Rc6,Rh5]} 10. Nc3 e5 11. Ng5 Bg4
12. f3 Bf5 13. Be3 Rb8 14. O-O-O Qb6 15. b3 Qa5 16. Nce4 Be7 17. Kb1 O-O $2 {
[%csl Rh5]} 18. Ng3 Bd7 19. Nxh5 Rb6 20. Bd2 Qa3 21. Bc1 Qa5 22. Qd2 $18 {
1-0 Yudasin,L-Manca,F/Reggio Emilia ITA 2000 (28)}) 9. Qe4 Kf7 10. Na3 {
Gives black the extra tempo to get himself ready.But the straight forward
tactics don't seem to work too well either.} ({the more energetic:} 10. Rh3 $5
{[%cal Gf3g5,Yh3f3] looks better, but black has:} Nxe5 $1 (10... Be7 $2 11.
Ng5+ fxg5 12. Rf3+ Bf6 (12... Nf4 13. hxg5 Bxg5 14. Bxf4 Kg8 $8 15. Qg6 $16)
13. hxg5 $16) (10... Qc7 $2 11. Ng5+ $1 fxg5 12. Rf3+ Kg8 13. Qxg6 Qxe5+ 14.
Kf1 gxh4 $2 (14... g4 $8 15. Rf4 {[%cal Gb1c3,Gc3e4,Ge4g5]} Ba6 16. Nc3 d5 17.
Bd2 $16) 15. Bg5 (15. Rf4 $142 $18 {[%csl Rh5][%cal Gg6f7,Gf4h4]}) 15... Ba6
16. Nc3 c4 17. d4 Qxd4 18. Qf7+ Kh7 19. Qxh5+ Kg8 20. Qf7+ Kh7 21. Rf6 $18 {
1-0 Bezold,M-Volkmann,F/Austria 1999/EXT 2000 (22)}) 11. Nxe5+ fxe5 12. Rf3+ (
12. Qxe5 d6 13. Rf3+ Kg8 $132) 12... Kg8 13. Qg6 {[%cal Gc1g5] with the threat:
14.Bg5 Qc7 15.Qf7 Kh7 16.Qh5 Kg8 17.Rf8 +-} Ba6 {[%cal Ga8f8]} 14. Qf7+ Kh7 15.
Qxh5+ Kg8 16. Qf7+ Kh7 17. Nc3 Qe8 18. Ne4 Qxf7 19. Rxf7 d5 $13 {white has the
activity but in a long run black has very good counterchances.}) 10... Qc7 {
[%csl Re5]} 11. Nc4 (11. Bf4 Nxf4 12. Qxf4 Ba6 13. Nc4 {-see game}) 11... Ba6
12. Bf4 (12. Rh3 Bxc4 13. Ng5+ (13. dxc4 Nxe5 $17) 13... fxg5 14. Rf3+ Kg8 15.
Qxg6 Qxe5+ 16. Kf1 g4 17. Re3 Qf6 $17) 12... Nxf4 13. Qxf4 Be7 (13... Bxc4 14.
dxc4 Rb8 15. b3 Be7 $132) 14. Rh3 Kg8 15. Rg3 Rh7 (15... Rb8 $140 $4 16. Rxg7+
$1 Kf8 (16... Kxg7 17. exf6+ $18 {[%csl Rc7][%cal Gf4c7]}) 17. Rxe7 $18) 16.
O-O-O Rf8 {[%cal Gf8f3,Gf6e5] All of a sudden white's pluses a few moves ago
turn to be weaknesses: the 'f' file opens for black R's, the center threatens
to move and the 'h4' pawn turns out to be a bigger problem than its collegue
on h5.The only poblem that black is yet to solve is that his king is much
weaker. This makes white's chances not worse at least.} 17. Qe4 {[%cal Ge4g6]}
Rh6 $1 {[%cal Gh6f6,Gf6e5]} 18. Qe3 {[%csl Rh6]} Kh7 19. Rh1 (19. exf6 Rhxf6
20. Ng5+ Kg8 21. Qe2 Rxf2 (21... Qf4+) 22. Qxh5 Bxg5+ 23. Qxg5 (23. hxg5 Qxg3
24. g6 Qf4+ 25. Kb1 Qh6 $19) 23... d5 $17) 19... Bxc4 20. dxc4 fxe5 21. Nxe5
Bd6 22. f4 Rhf6 {[%csl Rf4,Rh5]} 23. Rd1 {[%cal Ge3d3,Yd3h7,Yd3d6]} Kg8 (23...
Rxf4 $2 24. Qd3+ R4f5 25. Qxd6 Qxd6 26. Rxd6 Rxe5 27. Rxd7 $18 {[%csl Ra7,Rg7]}
) 24. Rf3 Rf5 (24... Rxf4 $4 25. Rxf4 Rxf4 26. Rxd6 $1 $18 (26. Qxf4 Bxe5 27.
Qf3 Qb8 28. c3 $16)) (24... Bxe5 25. fxe5 Rxf3 26. gxf3 Qd8 {is worse than the
game where white had the b2-b3 move, which considerably weakens his king.}) 25.
b3 Bxe5 26. fxe5 Rxf3 27. gxf3 Qd8 {A premature draw accept on white's side.
Although his king gets under fire he should continue.} (27... Qd8 28. Qxc5 Qxh4
29. Rxd7 Rxf3 30. Kb2 Qe4 (30... Qe1 {[%cal Gf3f1,Ge1c3]} 31. Rxa7 Rf5 (31...
Rf1 32. Ka3 Qc1+ 33. Kb4 $18) 32. Qxc6 Qxe5+ 33. Ka3 Rf2 34. Qe8+ $16) 31. Re7
Re3 $1 $132 {[%cal Ge3e2]}) 1/2-1/2